Регионална библиотека "Любен Каравелов" - Русе

История на легендата Depeche Mode (Запис номер 70168)

MARC детайли
000 -Лидер
Контролно поле с фиксирана дължина 01812nam a2200409 c 4500
003 - Код на организацията, давaща контролен номер
Контролно поле BLK
005 - Дата и час на последна редакция
Контролно поле 20180420223732.0
008 - Елементи от данни с фиксирана дължина
fixed length control field 180408b bul|||||r ||||||| ||bul||
010 ## - Наследен системен номер
LC control number KNG00074523000
020 ## - Международен стандартен номер на книга ISBN
Международен стандартен номер на книга ISBN 954-649-912-9
-- издат.: Сиела Софт енд Паблишинг
040 ## - Източник на каталожния запис
Идентификатор на билиотеката - собственик на записа BLK
041 ## - Код за език
Код за езика на текст/звукозапис или на отделно заглавие Български
Код за езика КДБФ Български
080 ## - УДК
Текстов определител УДК Други видове песни. Изпълнители
УДК код - определител по УДК 784.7.071.2
УДК определител (410)(092)
УДК - код + определител 784.7.071.2(410)(092)
080 ## - УДК
Текстов определител УДК Биографии
УДК код - определител по УДК 929
УДК определител (410)
УДК - код + определител 929(410)
100 1# - Редна дума - Автор
Автор Виейра, Изабел
Авторска отговорност първи автор
R(LIN) 294802
139 ## - Редно поле
Редна дума Виейра, Изабел
Авторски знак Вид - В 57
245 10 - Сведения за заглавието
Заглавие История на легендата Depeche Mode
Редно поле (дума) Изабел Виейра; прев. от англ. Антония Господинова Халачева.
257 ## - Страна на издаване
Страна на създаване/издаване Великобритания
260 ## - Област на издателските данни
-- София
Име на издателя, разпространителя и проч. Сиела Софт енд Паблишинг
Година на издаване 2006
300 ## - Физическа характеристика
Страници 86 с., 4 л.
Илюстрации и др. цв. ил.
Размери/Мащаб 20 см
380 ## - Жанр
Жанр Изкуство
500 ## - Общи забележки
Забележка Без сведение за ориг. загл. - Офс. изд. - Съдържа и Речник на някои имена и музикални термини ; Текстове ; Дискография.
650 #4 - Допълнително описание по предмет – тема
Основно описание – тема или топоним Естрадни изпълнители, английски
9 (RLIN) 265278
650 #4 - Допълнително описание по предмет – тема
Основно описание – тема или топоним Попмузика, английска
9 (RLIN) 265277
650 #4 - Допълнително описание по предмет – тема
Основно описание – тема или топоним Рокмузика, английска
9 (RLIN) 270444
653 ## - Ключова дума – ненормативна
Ключова дума Depeche Mode
653 ## - Ключова дума – ненормативна
Ключова дума попмузика
653 ## - Ключова дума – ненормативна
Ключова дума рокмузика
653 ## - Ключова дума – ненормативна
Ключова дума естрадни певци
653 ## - Ключова дума – ненормативна
Ключова дума Англия
700 1# - Други автори (авторска отговорност)
Лично име Халачева, Антония Господинова
Автороска отговорност (Описва отношението между автора и произведението) прев. от англ.
9 (RLIN) 291434
852 ## - Местоположение
Форматна сигнатура Цб 233555
856 4# - Електронен адрес и достъп
Електронен формат pdf - файл
Път до файла /url/
856 4# - Електронен адрес и достъп
Електронен формат pdf - файл
Път до файла /url/
942 ## - АРТИКУЛИ
Вид на библиотечния материал Книги
Скрит в OPAC Не
944 ## - СЪЗДАВАНЕ И РЕДАКЦИЯ на ЗАПИСА
Създаване/Редакция Създаване
Дата на регистрацията/редакция 27.04.2007
Служител, извършил регистрацията/редакцията Людмила_Стоянова
944 ## - СЪЗДАВАНЕ И РЕДАКЦИЯ на ЗАПИСА
Създаване/Редакция Редакция
Дата на регистрацията/редакция 10.05.2007
Служител, извършил регистрацията/редакцията
999 ## - СИСТЕМНИ КОНТРОЛНИ НОМЕРА
Koha biblionumber 70168
Koha biblioitemnumber 70168
Наличности
Код за отписване Код за изгубен артикул Код за повреда Коз за рестрикции Код за отдаване Артикулен № Име на библиотеката - собственик Име на библиотеката, в която се намира в момента Статус (Текущо местоположение) Дата на вписване в системата Местоположение - отдел Цена в лева Инвентарен номер Систематично азбучна сигнатура Баркод Номер на екземпляра Цена в евро Служебна бележка Служебен тип на артикула
  Не е изгубен Не е повреден без рестрикции ползва се в читалня 114778 Регионална библиотека "Любен Каравелов" Русе Регионална библиотека "Любен Каравелов" Русе Хранилище 2007-04-27 Хранилище 7.00 120000713011 Цб 233555 120000713011 1 3.58 Дост: Dp Вид: Д N: 45 Дата: 11.10.2006 Книги
Vip Innovations Ltd, Rousse, Bulgaria 2025